| 000 | 00446nam a2200109Ia 4500 | ||
|---|---|---|---|
| 008 | 171212s9999 xx 000 0 und d | ||
| 100 | _aKumar, Krishna B.;van Welsum, Desiree | ||
| 245 |
_cKumar, Krishna B.;van Welsum, Desiree _aKnowledge-Based Economies and Basing Economies on Knowledge _bSkills a Missing Link in GCC Countries |
||
| 260 |
_bRAND Corporation _c2013 |
||
| 650 | _aHistory | ||
| 856 | _uhttp://www.jstor.org/stable/10.7249/j.ctt5hhsh3 | ||
| 999 |
_c352254 _d352254 |
||